<?xml version="1.0" encoding="UTF-8"?>
<record
    xmlns:xsi="http://www.w3.org/2001/XMLSchema-instance"
    xsi:schemaLocation="http://www.loc.gov/MARC21/slim http://www.loc.gov/standards/marcxml/schema/MARC21slim.xsd"
    xmlns="http://www.loc.gov/MARC21/slim">

  <leader>00403nam a2200169Ia 4500</leader>
  <controlfield tag="008">230125s9999    xx            000 0 und d</controlfield>
  <datafield tag="020" ind1=" " ind2=" ">
    <subfield code="a">978-81-309-1757-3</subfield>
  </datafield>
  <datafield tag="041" ind1=" " ind2=" ">
    <subfield code="a">eng</subfield>
  </datafield>
  <datafield tag="082" ind1=" " ind2=" ">
    <subfield code="a">658.1511</subfield>
    <subfield code="b">RIL</subfield>
  </datafield>
  <datafield tag="100" ind1=" " ind2=" ">
    <subfield code="a">Riley P</subfield>
    <subfield code="9">107055</subfield>
  </datafield>
  <datafield tag="245" ind1=" " ind2=" ">
    <subfield code="a">Accounts</subfield>
  </datafield>
  <datafield tag="260" ind1=" " ind2=" ">
    <subfield code="c">2011</subfield>
    <subfield code="b">Viva Books</subfield>
    <subfield code="a">Mumbai</subfield>
  </datafield>
  <datafield tag="300" ind1=" " ind2=" ">
    <subfield code="a">254p</subfield>
  </datafield>
  <datafield tag="500" ind1=" " ind2=" ">
    <subfield code="a">Economics</subfield>
  </datafield>
  <datafield tag="650" ind1=" " ind2=" ">
    <subfield code="a">Economics</subfield>
    <subfield code="9">107056</subfield>
  </datafield>
  <datafield tag="700" ind1=" " ind2=" ">
    <subfield code="a">Riley P</subfield>
    <subfield code="9">107055</subfield>
  </datafield>
  <datafield tag="999" ind1=" " ind2=" ">
    <subfield code="c">84364</subfield>
    <subfield code="d">84364</subfield>
  </datafield>
  <datafield tag="952" ind1=" " ind2=" ">
    <subfield code="0">2</subfield>
    <subfield code="1">0</subfield>
    <subfield code="4">0</subfield>
    <subfield code="7">0</subfield>
    <subfield code="a">HIMR</subfield>
    <subfield code="b">HIMR</subfield>
    <subfield code="d">2011-07-21</subfield>
    <subfield code="e">Satya Gilani</subfield>
    <subfield code="o">658.1511 RIL B10539</subfield>
    <subfield code="p">HIMR-BK-10539</subfield>
    <subfield code="r">2023-01-25 00:00:00</subfield>
    <subfield code="w">2023-01-25</subfield>
    <subfield code="y">BK</subfield>
    <subfield code="z">B10539</subfield>
  </datafield>
  <datafield tag="952" ind1=" " ind2=" ">
    <subfield code="0">2</subfield>
    <subfield code="1">0</subfield>
    <subfield code="4">0</subfield>
    <subfield code="7">0</subfield>
    <subfield code="a">HIMR</subfield>
    <subfield code="b">HIMR</subfield>
    <subfield code="d">2011-07-21</subfield>
    <subfield code="e">Pritam Book Centre</subfield>
    <subfield code="g">395.00</subfield>
    <subfield code="i">7558</subfield>
    <subfield code="o">658.1511 RIL B10538</subfield>
    <subfield code="p">HIMR-BK-10538</subfield>
    <subfield code="r">2023-01-25 00:00:00</subfield>
    <subfield code="v">296.00</subfield>
    <subfield code="w">2011-07-19</subfield>
    <subfield code="y">BK</subfield>
    <subfield code="z">B10538</subfield>
  </datafield>
  <datafield tag="952" ind1=" " ind2=" ">
    <subfield code="0">0</subfield>
    <subfield code="1">0</subfield>
    <subfield code="4">0</subfield>
    <subfield code="7">0</subfield>
    <subfield code="a">HIMR</subfield>
    <subfield code="b">HIMR</subfield>
    <subfield code="d">2011-07-21</subfield>
    <subfield code="e">Pritam Book Centre</subfield>
    <subfield code="g">395.00</subfield>
    <subfield code="i">7558</subfield>
    <subfield code="l">0</subfield>
    <subfield code="o">658.1511 RIL B10536</subfield>
    <subfield code="p">HIMR-BK-10536</subfield>
    <subfield code="r">2023-01-25 00:00:00</subfield>
    <subfield code="v">296.01</subfield>
    <subfield code="w">2011-07-19</subfield>
    <subfield code="y">BK</subfield>
    <subfield code="z">B10536</subfield>
  </datafield>
  <datafield tag="952" ind1=" " ind2=" ">
    <subfield code="0">0</subfield>
    <subfield code="1">0</subfield>
    <subfield code="4">0</subfield>
    <subfield code="7">0</subfield>
    <subfield code="a">HIMR</subfield>
    <subfield code="b">HIMR</subfield>
    <subfield code="d">2011-07-21</subfield>
    <subfield code="e">Pritam Book Centre</subfield>
    <subfield code="g">395.00</subfield>
    <subfield code="i">7558</subfield>
    <subfield code="l">1</subfield>
    <subfield code="o">658.1511 RIL B10537</subfield>
    <subfield code="p">HIMR-BK-10537</subfield>
    <subfield code="r">2023-03-10 00:00:00</subfield>
    <subfield code="s">2023-03-09</subfield>
    <subfield code="v">296.00</subfield>
    <subfield code="w">2011-07-19</subfield>
    <subfield code="y">BK</subfield>
    <subfield code="z">B10537</subfield>
  </datafield>
  <datafield tag="952" ind1=" " ind2=" ">
    <subfield code="0">0</subfield>
    <subfield code="1">0</subfield>
    <subfield code="4">0</subfield>
    <subfield code="7">0</subfield>
    <subfield code="a">HIMR</subfield>
    <subfield code="b">HIMR</subfield>
    <subfield code="d">2011-07-21</subfield>
    <subfield code="e">Pritam Book Centre</subfield>
    <subfield code="g">395.00</subfield>
    <subfield code="i">7558</subfield>
    <subfield code="l">0</subfield>
    <subfield code="o">658.1511 RIL B10535</subfield>
    <subfield code="p">HIMR-BK-10535</subfield>
    <subfield code="r">2023-01-25 00:00:00</subfield>
    <subfield code="v">296.00</subfield>
    <subfield code="w">2011-07-19</subfield>
    <subfield code="y">BK</subfield>
    <subfield code="z">B10535</subfield>
  </datafield>
</record>
